Lidský kapitál - klíčový zdroj konkurenceschopnosti
Analýza súčasného stavu konkurencieschopnosti ľudského kapitálu Českej republiky v kontexte jeho začleňovania do svetovej ekonomiky a novej paradigmy globalizačných procesov. Náčrt vízií možného ďalšieho vývoja pre ČR. Získavanie medzinárodných konkurenčných výhod. Nové paradigmy konkurencieschopnos...
Salvato in:
| Autore principale: | |
|---|---|
| Natura: | Capitolo di libro |
| Lingua: | ceco |
| Soggetti: | |
| Tags: |
Nessun Tag, puoi essere il primo ad aggiungerne!!
|
MARC
| LEADER | 00000naa$a2200000$$$4500 | ||
|---|---|---|---|
| 001 | 0040351 | ||
| 005 | 20221128095530.0 | ||
| 041 | 0 | |a cze | |
| 044 | |a SK | ||
| 245 | 1 | 0 | |a Lidský kapitál - klíčový zdroj konkurenceschopnosti |c Dana Zdražilová |
| 520 | |a Analýza súčasného stavu konkurencieschopnosti ľudského kapitálu Českej republiky v kontexte jeho začleňovania do svetovej ekonomiky a novej paradigmy globalizačných procesov. Náčrt vízií možného ďalšieho vývoja pre ČR. Získavanie medzinárodných konkurenčných výhod. Nové paradigmy konkurencieschopnosti. Konkurencieschopnosť ľudského kapitálu národných ekonomík. Flexibilita trhu práce, nové formy zamestnaneckých vzťahov a organizácie práce. | ||
| 610 | 2 | 0 | |a konkurencieschopnosť |
| 610 | 2 | 0 | |a výhody konkurenčné |
| 610 | 2 | 0 | |a kapitál ľudský |
| 610 | 2 | 0 | |a Česko |
| 610 | 2 | 0 | |a hospodárstvo národné |
| 610 | 2 | 0 | |a náklady práce |
| 610 | 2 | 0 | |a produktivita |
| 610 | 2 | 0 | |a kvalita |
| 610 | 2 | 0 | |a vzdelanie |
| 610 | 2 | 0 | |a spoločnosť vedomostná |
| 610 | 2 | 0 | |a scenáre |
| 100 | 1 | |a Zdražilová, D. | |